Misery (Record no. 2015)

MARC details
000 -Etiqueta do registo
Valores 00664nam a2200253 4500
010 ## - Número ISBN
ISBN 9789722548267
021 ## - Número do Depósito Legal
Código do país Portugal
Número 537881/24
100 ## - Dados gerais de processamento
Dados gerais 20251212d2025 m||y0pory50030103ba
101 ## - Língua de publicação
Língua Português
102 ## - País de publicação
País Portugal
200 ## - Titulo e menção de responsabilidade
Título próprio Misery
Primeira menção de responsabilidade Stephen King
Outras menções de responsabilidade trad. Magda Viana
205 ## - Menção da edição
Edição 2ª edição
210 ## - Publicação
Local de publicação Lisboa
Nome do editor Bertrand
Data de publicação 2025
215 ## - Descrição física 
Paginação / Volumes 350, [2] p.
Dimensões 24 cm
300 ## - Notas gerais 
Texto da nota BMB-Registado
606 ## - Nome comum usado como assunto
ID Autoridade 795
Palavra de ordem Literatura Americana
606 ## - Nome comum usado como assunto
ID Autoridade 778
Palavra de ordem Romance Policial
675 ## - CDU
Notação 821.111(73)-312.4
Edição BMB
Língua por
700 ## - Autor principal (pessoa individual)
Apelido King
Nome Stephen
Datas 1947-
ID Autoridade 1862
702 ## - Autor secundário (pessoa individual)
Apelido Viana
Nome Magda
Função Tradutor
ID Autoridade 2888
801 ## - Fonte de origem
País PT
Agência BMB
Regras de catalogação RPC
990 ## - Elementos KOHA
Tipo de documento Livro
Holdings
Situação do levantamento Estado Número Biblioteca de origem Código de barras Cota Permissão de empréstimo Tipo de documento Forma de aquisição
    1 Biblioteca Municipal de Borba 1965 821.111(73)-312.4 KIN / MIS   Livro Compra
Biblioteca Municipal de Borba

Powered by Koha